Contractions and unilateral shifts
Elmentve itt :
| Szerző: | |
|---|---|
| Dokumentumtípus: | Cikk |
| Megjelent: |
1983
|
| Sorozat: | Acta scientiarum mathematicarum
46 |
| Kulcsszavak: | Matematika |
| Online Access: | http://acta.bibl.u-szeged.hu/14949 |
| LEADER | 00589nab a2200181 i 4500 | ||
|---|---|---|---|
| 001 | acta14949 | ||
| 005 | 20210409110314.0 | ||
| 008 | 161015s1983 hu o 0|| eng d | ||
| 022 | |a 0001-6969 | ||
| 040 | |a SZTE Egyetemi Kiadványok Repozitórium |b hun | ||
| 041 | |a eng | ||
| 100 | 1 | |a Uchiyama Mitsuru | |
| 245 | 1 | 0 | |a Contractions and unilateral shifts |h [elektronikus dokumentum] / |c Uchiyama Mitsuru |
| 260 | |c 1983 | ||
| 300 | |a 345-356 | ||
| 490 | 0 | |a Acta scientiarum mathematicarum |v 46 | |
| 695 | |a Matematika | ||
| 856 | 4 | 0 | |u http://acta.bibl.u-szeged.hu/14949/1/math_046_345-356.pdf |z Dokumentum-elérés |